| 000 | 00457nam a22001217a 4500 | ||
|---|---|---|---|
| 999 |
_c21655 _d21655 |
||
| 008 | 240916b ||||| |||| 00| 0 eng d | ||
| 100 |
_aSapungan, Eden Torres. _eauthor. _961090 |
||
| 245 |
_aSchool sports day / _cEden Torres Sapungan. |
||
| 260 |
_aPhilippines; _bPublishers Association of the Philippines, Inc., _cJanuary 2018. |
||
| 300 |
_aVolume 66, pages 308-309, _billustration. |
||
| 700 |
_aSapungan, Eden Torres. _eauthor. _961090 |
||
| 942 |
_2ddc _cPER |
||